[Event "10th European Teams w"]
[Site "Warsaw POL"]
[Date "2013.11.09"]
[Round "2.3"]
[White "Szczepkowska-Horowska, Karina"]
[Black "Nicolas Zapata, Irene"]
[Result "1-0"]
[WhiteTitle "WGM"]
[BlackTitle "WIM"]
[WhiteElo "2382"]
[BlackElo "2241"]
[WhiteTeam "Poland"]
[BlackTeam "Spain"]
[WhiteFideId "1122681"]
[BlackFideId "22247270"]
[EventDate "2013.11.08"]

1. e4 c5 2. Nf3 d6 3. d4 cxd4 4. Qxd4 Nc6 5. Bb5 Bd7 6. Bxc6 Bxc6 7. Nc3 e5 8.
Qd3 h6 9. Be3 Nf6 10. O-O-O Be7 11. h3 Rc8 12. g4 b5 13. g5 hxg5 14. Nxg5 b4 15.
Nb5 Bxb5 16. Qxb5+ Qd7 17. Qd3 Qa4 18. Kb1 Nd7 19. Rhg1 Nb6 20. b3 Qc6 21. Rg3
Na8 22. Bd2 a5 23. Rc1 Nc7 24. c3 bxc3 25. Rxc3 Qd7 26. Nf3 Bf6 27. Rc1 O-O 28.
Bxa5 Ne6 29. Bc3 Nf4 30. Qe3 Rfe8 31. Nd2 d5 32. exd5 Nxd5 33. Ne4 Qf5 34. Qf3
Qh7 35. Kb2 Bh4 36. Nd6 Nf4 37. Nxe8 Bxg3 38. Nf6+ gxf6 39. Qg4+ Qg6 40. Qxc8+
Kh7 41. Rg1 Nd3+ 42. Ka1 Nxf2 43. Be1 Ne4 44. Qc4 Bxe1 45. Rxg6 Bc3+ 46. Qxc3
Nxc3 47. Rxf6 Kg7 48. Rf1 e4 49. Kb2 Nd5 50. a4 Kg6 51. a5 f5 52. a6 Kg5 53. a7
Nb6 54. Kc3 f4 55. Kd4 Kf5 56. h4 f3 57. Ke3 Nd5+ 58. Kf2 Nb6 59. Kg3 1-0

[Event "10th European Teams w"]
[Site "Warsaw POL"]
[Date "2013.11.10"]
[Round "3.7"]
[White "Gurcan, Aytolun"]
[Black "Michna, Marta"]
[Result "0-1"]
[BlackTitle "WGM"]
[WhiteElo "1745"]
[BlackElo "2357"]
[WhiteTeam "Turkey"]
[BlackTeam "Germany"]
[WhiteFideId "6325688"]
[BlackFideId "1106686"]
[EventDate "2013.11.08"]

1. e4 d5 2. exd5 Qxd5 3. Nc3 Qa5 4. d4 Nf6 5. Nf3 Nc6 6. Bd2 Bg4 7. Bb5 O-O-O 8.
Bxc6 bxc6 9. Ne2 Qd5 10. c4 Qe4 11. Ne5 Qxg2 12. Rf1 Bxe2 13. Qxe2 Rxd4 14. Be3
Re4 15. Nxc6 Ng4 16. Qd3 Rxe3+ 17. fxe3 Qxc6 18. Rd1 e6 19. Qd8+ Kb7 20. Rd2 Bb4
21. Qxh8 Qd6 22. Rf2 Nxf2 23. Kxf2 Qxd2+ 24. Kf3 Qd1+ 25. Ke4 f5+ 26. Ke5 Qd6# 0-1

[Event "10th European Teams w"]
[Site "Warsaw POL"]
[Date "2013.11.11"]
[Round "4.1"]
[White "Rajlich, Iweta"]
[Black "Galojan, Lilit"]
[Result "1-0"]
[WhiteTitle "IM"]
[BlackTitle "IM"]
[WhiteElo "2404"]
[BlackElo "2301"]
[WhiteTeam "Poland"]
[BlackTeam "Armenia"]
[WhiteFideId "1108166"]
[BlackFideId "13301314"]
[EventDate "2013.11.08"]

1. d4 Nf6 2. c4 e6 3. Nc3 Bb4 4. e3 O-O 5. Ne2 Re8 6. a3 Bf8 7. Nf4 d6 8. Be2 e5
9. Nfd5 Nbd7 10. O-O c6 11. Nxf6+ Nxf6 12. d5 e4 13. b4 Bf5 14. dxc6 bxc6 15.
Bb2 Nd7 16. f4 Nb6 17. Rc1 Rb8 18. Ba1 Qc7 19. g4 Bc8 20. f5 Nd7 21. Rf4 a5 22.
b5 Nc5 23. Rb1 Bb7 24. Na4 Nxa4 25. Qxa4 Qb6 26. Bd4 c5 27. Bc3 d5 28. cxd5 Qh6
29. Be1 Bd6 30. Bg3 Ra8 31. b6 Bxd5 32. f6 Bxf4 33. Bxf4 Qxf6 34. b7 Bxb7 35.
Rxb7 g5 36. Bg3 Re7 37. Rb1 Qc3 38. Qb3 Qxb3 39. Rxb3 Rd7 40. Be1 a4 41. Rc3 Rc7
42. Bg3 Rcc8 43. Rc4 h6 44. Kf2 Rd8 45. Ke1 Ra7 46. Rxc5 Rb7 47. Bb5 f6 48. Ke2
Kg7 49. Be1 Rdb8 50. Bxa4 Ra8 51. Rc4 Rb2+ 52. Bd2 Ra7 53. Bc2 Rxa3 54. Bc1
Rxc2+ 55. Rxc2 Ra4 56. Bb2 Ra6 57. Rc4 Re6 58. Rb4 h5 59. h3 Rc6 60. Kd2 hxg4
61. hxg4 Rd6+ 62. Bd4 Ra6 63. Rb6 Rxb6 64. Bxb6 f5 65. gxf5 Kf6 66. Kc3 1-0

[Event "10th European Teams w"]
[Site "Warsaw POL"]
[Date "2013.11.11"]
[Round "4.5"]
[White "Michna, Marta"]
[Black "Batkovskyte, Dominyka"]
[Result "1-0"]
[WhiteTitle "WGM"]
[WhiteElo "2357"]
[BlackElo "2111"]
[WhiteTeam "Germany"]
[BlackTeam "Lithuania"]
[WhiteFideId "1106686"]
[BlackFideId "12803243"]
[EventDate "2013.11.08"]

1. Nf3 g6 2. e4 c5 3. d3 Bg7 4. c3 Nc6 5. Be3 d6 6. Be2 e5 7. O-O Nge7 8. Qd2 h6
9. d4 exd4 10. cxd4 cxd4 11. Nxd4 d5 12. Nxc6 bxc6 13. Bd4 O-O 14. Bxg7 Kxg7 15.
Rd1 Qb6 16. Nc3 Rb8 17. b3 Be6 18. Na4 Qb4 19. Qxb4 Rxb4 20. Nc5 Rd8 21. Rac1
Rbb8 22. Rd4 Kf6 23. Ra4 Ra8 24. h3 dxe4 25. Nxe6 fxe6 26. Rxe4 Rd2 27. Bg4 e5
28. Rce1 Rd5 29. f4 Nf5 30. fxe5+ Ke6 31. Rc4 Rc8 32. Rec1 Kxe5 33. Rxc6 Rxc6
34. Rxc6 Rd6 35. Rc5+ Kf4 36. Bxf5 gxf5 37. Kh2 a6 38. Ra5 Rc6 39. a3 Rd6 40. b4
Rc6 41. a4 Rd6 42. b5 axb5 43. axb5 Rd4 44. Ra6 h5 45. Rb6 Rb4 46. Rb8 h4 47. b6
Rb2 48. b7 Rb1 49. Rh8 Rxb7 50. Rxh4+ Kg5 51. Rh8 Rb3 52. Rg8+ Kh5 53. Kg1 Rb2
54. g3 f4 55. gxf4 Ra2 56. Rg4 Rb2 57. Rg2 Rb4 58. Rf2 Kg6 59. Kg2 Kf5 60. Kg3
Rb3+ 61. Rf3 Rb4 62. Ra3 Rb5 63. h4 Rc5 64. h5 Rb5 65. Rc3 Ra5 66. Re3 Rb5 67.
Ra3 Rc5 68. Ra8 Rc3+ 69. Kh4 Kf6 70. Kg4 Rc1 71. Ra6+ Kf7 72. h6 Rc5 73. h7 Kg7
74. Rh6 Kh8 75. f5 Rc1 76. Kg5 Rg1+ 77. Kf6 Ra1 78. Rh2 Ra6+ 79. Kg5 Rb6 80. Rh1
Ra6 81. Re1 Kxh7 82. Re6 Rxe6 83. fxe6 Kg7 84. Kf5 Kg8 85. Kg6 1-0

[Event "10th European Teams w"]
[Site "Warsaw POL"]
[Date "2013.11.11"]
[Round "4.9"]
[White "Beinenson, Katsiaryna"]
[Black "Haast, Anne"]
[Result "0-1"]
[WhiteTitle "WFM"]
[BlackTitle "WIM"]
[WhiteElo "1964"]
[BlackElo "2262"]
[WhiteTeam "Belarus"]
[BlackTeam "Netherlands"]
[WhiteFideId "13507044"]
[BlackFideId "1017292"]
[EventDate "2013.11.08"]

1. e4 c5 2. Nf3 e6 3. c3 d5 4. exd5 exd5 5. d4 Nc6 6. Bb5 Bd6 7. dxc5 Bxc5 8.
O-O Ne7 9. Nbd2 O-O 10. Nb3 Bb6 11. Bd3 Nf5 12. Bc2 Qd6 13. Qd3 g6 14. Rd1 Be6
15. a4 a6 16. a5 Ba7 17. Ra4 f6 18. Bf4 Qd7 19. Raa1 Rac8 20. h3 Rfe8 21. g4 Nd6
22. Nbd4 Ne4 23. Qf1 Bxg4 24. hxg4 Qxg4+ 25. Bg3 Nxg3 26. fxg3 Nxd4 27. Nxd4
Qxg3+ 28. Kh1 Qh4+ 29. Kg2 Re3 30. Rd3 Bxd4 31. Rxe3 Bxe3 32. Qf3 Qg5+ 33. Qg3
Qxg3+ 34. Kxg3 d4 35. c4 Kg7 36. Be4 Rc7 37. Ra3 f5 38. Bd5 Bd2 39. Rd3 Bxa5 40.
Rxd4 h5 0-1

[Event "10th European Teams w"]
[Site "Warsaw POL"]
[Date "2013.11.11"]
[Round "4.11"]
[White "Mammadova, Gulnar"]
[Black "Franciskovic, Borka"]
[Result "1/2-1/2"]
[WhiteTitle "WGM"]
[BlackTitle "WIM"]
[WhiteElo "2354"]
[BlackElo "2263"]
[WhiteTeam "Azerbaijan"]
[BlackTeam "Croatia"]
[WhiteFideId "13403508"]
[BlackFideId "14507943"]
[EventDate "2013.11.08"]

1. e4 c6 2. d4 d5 3. f3 e6 4. Nc3 Bb4 5. Bf4 Ne7 6. Ne2 dxe4 7. fxe4 Ng6 8. Bg3
e5 9. Qd3 exd4 10. Nxd4 O-O 11. O-O-O Qa5 12. Nb3 Qg5+ 13. Rd2 Nh4 14. Kb1 Nd7
15. Qd4 Be7 16. Qf2 Ne5 17. Bf4 Qf6 18. g3 Nhg6 19. Be2 Be6 20. Rhd1 Rfd8 21.
Rxd8+ Bxd8 22. Na4 b6 23. Nd4 Be7 24. Nxe6 Qxe6 25. Bc1 Rd8 26. Qf5 Rxd1 27.
Bxd1 Nf8 28. Qxe6 Nxe6 29. b3 f6 30. c4 Kf7 31. h4 Bd6 32. Be3 g6 33. g4 Nd7 34.
Kc2 Ndc5 35. Nc3 Be5 36. Bf3 Nd4+ 37. Bxd4 Bxd4 38. e5 Bxe5 39. Bxc6 Ke7 40. b4
Ne6 41. Be4 f5 42. gxf5 gxf5 43. Bd5 Nd4+ 44. Kd3 Kd6 45. Bb7 h6 46. h5 Kc7 1/2-1/2

[Event "10th European Teams w"]
[Site "Warsaw POL"]
[Date "2013.11.11"]
[Round "4.13"]
[White "Dierckens, Sarah"]
[Black "Gurcan, Aytolun"]
[Result "1-0"]
[WhiteElo "1872"]
[BlackElo "1745"]
[WhiteTeam "Belgium"]
[BlackTeam "Turkey"]
[WhiteFideId "205745"]
[BlackFideId "6325688"]
[EventDate "2013.11.08"]

1. e4 c5 2. Nf3 Nc6 3. d4 cxd4 4. Nxd4 Qc7 5. Nc3 e6 6. Be3 a6 7. Qd2 Nf6 8. Be2
Bb4 9. f3 Ne7 10. O-O O-O 11. a3 Ba5 12. b4 Bb6 13. f4 e5 14. fxe5 Qxe5 15. Nf3
Bxe3+ 16. Qxe3 Qc7 17. Na4 d5 18. Nb6 Rb8 19. Nxc8 Rbxc8 20. Ng5 Qe5 21. Qf4
Qxf4 22. Rxf4 Ng6 23. Rff1 dxe4 24. c4 a5 25. c5 Rfd8 26. Rab1 Rd2 27. Bc4 Ne5
28. Bb3 h6 29. Rxf6 hxg5 30. Rf5 Re8 31. Re1 g6 32. Rxg5 Nd3 33. Rxg6+ Kh7 34.
Rd6 e3 35. Rxd3 Rxd3 36. Bc2 Rd8 37. Rxe3 1-0

[Event "10th European Teams w"]
[Site "Warsaw POL"]
[Date "2013.11.14"]
[Round "6.6"]
[White "Kulon, Klaudia"]
[Black "Schut, Lisa"]
[Result "1-0"]
[WhiteTitle "WIM"]
[BlackTitle "WIM"]
[WhiteElo "2276"]
[BlackElo "2333"]
[WhiteTeam "Poland Futures"]
[BlackTeam "Netherlands"]
[WhiteFideId "1131044"]
[BlackFideId "1019481"]
[EventDate "2013.11.08"]

1. c4 e5 2. g3 Nf6 3. Nc3 c6 4. Bg2 d5 5. cxd5 cxd5 6. e3 Nc6 7. d4 e4 8. Nge2
Bb4 9. O-O O-O 10. a3 Bxc3 11. Nxc3 Bg4 12. f3 exf3 13. Bxf3 Bh3 14. Bg2 Bxg2
15. Kxg2 Re8 16. b4 Qd7 17. Bd2 Ne7 18. Qf3 Nc8 19. Rae1 Qe6 20. Nb5 Qc6 21. a4
Nb6 22. Qf4 Nxa4 23. Nd6 Re6 24. Nf5 Qc2 25. e4 dxe4 26. d5 Nxd5 27. Nh6+ gxh6
28. Qxf7+ Kh8 29. Qxe6 Qxd2+ 30. Kh1 Qg5 31. Rf5 Nc7 32. Qxe4 Qg7 33. Re5 Nc3
34. Qxb7 Qd7 35. Qxa8+ Nxa8 36. Re8+ Kg7 37. R8e7+ Qxe7 38. Rxe7+ Kg6 39. Rxa7
Nb6 40. Ra6 Nd5 41. Kg2 h5 42. h4 Kf5 43. b5 h6 44. Ra7 Ne3+ 45. Kf3 Nec4 46.
Rf7+ Kg6 47. Rc7 Kf5 48. Rf7+ Kg6 49. Rf4 Nd6 50. Rd4 Nf5 51. Rd8 Kf6 52. Rd1
Ke5 53. Re1+ Kf6 54. Rc1 Nd7 55. b6 Nd6 56. Rd1 Ke6 57. Rb1 Nc4 58. Re1+ Kd5 59.
b7 Nce5+ 60. Ke3 Nc4+ 61. Kf4 Nd6 62. Re7 Nb8 63. Rh7 Nc6 64. Rc7 Nb8 65. Rc8
Na6 66. b8=Q Nxb8 67. Rxb8 Ke6 68. Rb6 Ke7 69. Rxd6 Kxd6 70. Kf5 1-0

[Event "10th European Teams w"]
[Site "Warsaw POL"]
[Date "2013.11.14"]
[Round "6.12"]
[White "Pavlidou, Ekaterini"]
[Black "Goossens, Hanne"]
[Result "0-1"]
[WhiteTitle "WIM"]
[WhiteElo "2199"]
[BlackElo "2069"]
[WhiteTeam "Greece"]
[BlackTeam "Belgium"]
[WhiteFideId "4213262"]
[BlackFideId "200468"]
[EventDate "2013.11.08"]

1. d4 Nf6 2. c4 e6 3. Nc3 Bb4 4. e3 O-O 5. Ne2 Re8 6. a3 Bf8 7. Ng3 d5 8. Bd3 a5
9. O-O Nbd7 10. Re1 c5 11. b3 b6 12. cxd5 exd5 13. Nb5 Bb7 14. Nf5 Re6 15. Bb2
g6 16. Ng3 Rc8 17. Rc1 Nb8 18. Rc2 Qe8 19. Qa1 Nbd7 20. Rec1 Qd8 21. Ne2 a4 22.
Nf4 axb3 23. Nxe6 fxe6 24. Rd2 c4 25. Bb1 Ra8 26. f3 Bc6 27. Nc3 b5 28. Re1 b4
29. Ne2 bxa3 30. Bc3 a2 31. Bxa2 bxa2 32. Rxa2 Rxa2 33. Qxa2 Qc8 34. Rb1 Ne8 35.
Nf4 Nc7 36. Qa5 Kf7 37. g3 Be7 38. h4 Ne8 39. Qa2 Nd6 40. Bb4 e5 41. dxe5 Nxe5
42. Kf2 Qf5 43. Bxd6 Bxd6 44. Rb6 Bc5 45. Rb8 d4 46. g4 dxe3+ 47. Kg3 Qd7 48.
Qa5 Bxf3 49. Ne6 Qxe6 50. Qc7+ Be7 51. Qc8 Qxc8 0-1

[Event "10th European Teams w"]
[Site "Warsaw POL"]
[Date "2013.11.14"]
[Round "6.13"]
[White "Srebrnic, Ana"]
[Black "Moser, Eva"]
[Result "1/2-1/2"]
[WhiteTitle "WGM"]
[BlackTitle "IM"]
[WhiteElo "2198"]
[BlackElo "2434"]
[WhiteTeam "Slovenia"]
[BlackTeam "Austria"]
[WhiteFideId "14603314"]
[BlackFideId "1607456"]
[EventDate "2013.11.08"]

1. Nf3 d5 2. d4 c5 3. c4 cxd4 4. Qxd4 Nf6 5. cxd5 Qxd5 6. Nc3 Qxd4 7. Nxd4 e5 8.
Ndb5 Na6 9. g3 Bd7 10. Bg2 Bxb5 11. Nxb5 Bb4+ 12. Nc3 Bxc3+ 13. bxc3 O-O-O 14.
Rb1 Nd5 15. Bb2 Nb6 16. c4 f6 17. Ba3 Nb8 18. Be7 Rd4 19. c5 Nd5 20. e3 Rb4 21.
Bh3+ Kc7 22. Bd6+ Kc6 23. Rxb4 Nxb4 24. Bg2+ Kb5 25. Bxb7 Nxa2 26. O-O Nb4 27.
Rb1 a5 28. c6 Nxc6 29. Bxc6+ Kxc6 30. Bxb4 axb4 31. Rxb4 Ra8 32. Rc4+ Kd6 33. e4
Rd8 34. h4 Ke6 35. Rc6+ Rd6 36. Rc7 Rd7 37. Rc6+ Kf7 38. h5 g6 39. hxg6+ hxg6
40. Kg2 f5 41. exf5 gxf5 42. Kf3 1/2-1/2

[Event "10th European Teams w"]
[Site "Warsaw POL"]
[Date "2013.11.15"]
[Round "7.4"]
[White "Girya, Olga"]
[Black "Rudolf, Anna"]
[Result "0-1"]
[WhiteTitle "WGM"]
[BlackTitle "WGM"]
[WhiteElo "2447"]
[BlackElo "2281"]
[WhiteTeam "Russia"]
[BlackTeam "Hungary"]
[WhiteFideId "4195752"]
[BlackFideId "722855"]
[EventDate "2013.11.08"]

1. d4 d5 2. c4 e6 3. Nc3 Be7 4. cxd5 exd5 5. Bf4 c6 6. Qc2 Bd6 7. Bxd6 Qxd6 8.
e3 Qg6 9. Qxg6 hxg6 10. Nf3 Nf6 11. b4 Bf5 12. b5 Ke7 13. Rc1 Rc8 14. Ne5 c5 15.
g4 Be6 16. dxc5 Rxc5 17. Nd3 Rc8 18. f3 Nbd7 19. g5 Ne8 20. Kf2 Nd6 21. Nf4 Rc5
22. Nd3 Rc4 23. Nf4 Rc5 24. Bd3 Rac8 25. Nce2 Ne5 26. a4 Nxd3+ 27. Nxd3 Rc4 28.
Ra1 Rc2 29. Rhc1 R8c4 30. Rxc2 Rxc2 31. Nf4 Nc4 32. Rd1 Ra2 33. Nxd5+ Bxd5 34.
Rxd5 Rxa4 35. Nf4 Nd6 36. e4 Rb4 37. Re5+ Kd7 38. Nd5 Rxb5 39. h4 a5 40. h5 gxh5
41. g6 fxg6 42. Re7+ Kd8 43. Rxg7 Nc4 44. Rg8+ Kd7 45. Rg7+ Kd8 46. Rg8+ Kd7 47.
Rg7+ Kd6 48. Rxg6+ Ke5 49. Kg3 Rb3 50. Nc7 a4 51. Rg5+ Kf6 52. Rf5+ Ke7 53. Rxh5
a3 54. e5 a2 55. Rh7+ Kf8 56. e6 Kg8 57. e7 Nd6 58. Rh1 Rb1 59. Rh6 a1=Q 60.
Rxd6 Qe5+ 0-1

[Event "10th European Teams w"]
[Site "Warsaw POL"]
[Date "2013.11.15"]
[Round "7.9"]
[White "Van Weersel, Arlette"]
[Black "Umudova, Nargiz"]
[Result "1-0"]
[WhiteTitle "WIM"]
[BlackTitle "WIM"]
[WhiteElo "2180"]
[BlackElo "2253"]
[WhiteTeam "Netherlands"]
[BlackTeam "Azerbaijan"]
[WhiteFideId "1009877"]
[BlackFideId "13402137"]
[EventDate "2013.11.08"]

1. e4 d5 2. exd5 Qxd5 3. Nc3 Qa5 4. Bc4 Nf6 5. d3 Bg4 6. Ne2 c6 7. O-O Nbd7 8.
f3 Qb6+ 9. Kh1 Bf5 10. Ng3 Bg6 11. f4 h6 12. f5 Bh7 13. Qe2 Bg8 14. Rb1 O-O-O
15. Be3 Qc7 16. Bf4 Qb6 17. b4 a6 18. a4 e5 19. fxe6 fxe6 20. b5 axb5 21. axb5
Nd5 22. bxc6 Qxc6 23. Bxd5 exd5 24. Nb5 Bc5 25. d4 Bb6 26. Nd6+ Kb8 27. Nf7+ Kc8
28. Nxh8 Bxd4 29. Nf5 Bf6 30. Nd6+ 1-0

[Event "10th European Teams w"]
[Site "Warsaw POL"]
[Date "2013.11.16"]
[Round "8.1"]
[White "Lagno, Kateryna"]
[Black "Danielian, Elina"]
[Result "1-0"]
[WhiteTitle "GM"]
[BlackTitle "GM"]
[WhiteElo "2542"]
[BlackElo "2457"]
[WhiteTeam "Ukraine"]
[BlackTeam "Armenia"]
[WhiteFideId "14109336"]
[BlackFideId "13300210"]
[EventDate "2013.11.08"]

1. e4 c6 2. d4 d5 3. e5 Bf5 4. Nf3 e6 5. Be2 Nd7 6. O-O Ne7 7. Nbd2 Nc8 8. Ne1
c5 9. g4 Bg6 10. f4 cxd4 11. f5 Nxe5 12. fxg6 hxg6 13. Ndf3 Nc6 14. Bf4 Bd6 15.
Bxd6 Nxd6 16. a4 a6 17. a5 Ne4 18. Ng2 Qd6 19. Bd3 f5 20. Qe2 Rh3 21. Ngh4 Qf4
22. Nxg6 Qh6 23. gxf5 exf5 24. Nfh4 Qg5+ 25. Kh1 Rxh4 26. Nxh4 Qxh4 27. Rxf5
O-O-O 28. Rg1 Kb8 29. Rxg7 Re8 30. Qh5 Nf2+ 31. Kg2 Qxh5 32. Rxh5 Nxd3 33. cxd3
Re2+ 34. Kf3 Rxb2 35. h4 Rd2 36. Rxd5 Rxd3+ 37. Kf4 Rh3 38. h5 d3 39. Rg3 Rh1
40. Kg5 Nxa5 41. Rdxd3 Nc6 42. h6 Ne5 43. Rh3 Rf1 44. h7 Rf8 45. Rde3 Nf7+ 46.
Kg6 Nh8+ 47. Kg7 Rc8 48. Rhf3 Ka7 49. Rf8 1-0

[Event "10th European Teams w"]
[Site "Warsaw POL"]
[Date "2013.11.16"]
[Round "8.2"]
[White "Gunina, Valentina"]
[Black "Dzagnidze, Nana"]
[Result "1/2-1/2"]
[WhiteTitle "GM"]
[BlackTitle "GM"]
[WhiteElo "2509"]
[BlackElo "2556"]
[WhiteTeam "Russia"]
[BlackTeam "Georgia"]
[WhiteFideId "4167570"]
[BlackFideId "13601903"]
[EventDate "2013.11.08"]

1. d4 Nf6 2. c4 e6 3. Nc3 Bb4 4. Qc2 O-O 5. Nf3 c5 6. dxc5 Na6 7. g3 Nxc5 8. Bg2
Nce4 9. O-O Nxc3 10. bxc3 Be7 11. e4 d6 12. e5 dxe5 13. Nxe5 Qc7 14. Qe2 Bd6 15.
Bf4 Ne8 16. Rab1 f6 17. Nd3 Qxc4 18. Bxb7 Bxb7 19. Rxb7 Bxf4 20. Rb4 Qxc3 21.
Qxe6+ Rf7 22. Qe4 Rc8 23. Nxf4 Nd6 24. Qb1 f5 25. Rb8 Rff8 26. Rxc8 Rxc8 27. Rd1
Ne4 28. Qb7 Qc5 29. Nd3 Qc7 30. Qb5 Nc3 31. Qb3+ Qc4 32. Re1 Qxb3 33. axb3 Ne4
34. Ra1 Rc3 35. Nf4 Rxb3 36. Rxa7 Rb1+ 37. Kg2 Rb2 38. Ne6 g6 39. Rg7+ Kh8 40.
Rf7 h6 41. Rf8+ Kh7 42. Rf7+ Kh8 1/2-1/2

[Event "10th European Teams w"]
[Site "Warsaw POL"]
[Date "2013.11.16"]
[Round "8.2"]
[White "Javakhishvili, Lela"]
[Black "Girya, Olga"]
[Result "1/2-1/2"]
[WhiteTitle "IM"]
[BlackTitle "WGM"]
[WhiteElo "2423"]
[BlackElo "2447"]
[WhiteTeam "Georgia"]
[BlackTeam "Russia"]
[WhiteFideId "13601458"]
[BlackFideId "4195752"]
[EventDate "2013.11.08"]

1. d4 d5 2. c4 c6 3. Nf3 Nf6 4. e3 Bf5 5. Nc3 e6 6. Nh4 Bg6 7. Be2 Nbd7 8. O-O
Ne4 9. g3 Nd6 10. cxd5 cxd5 11. f3 Be7 12. Nxg6 hxg6 13. e4 dxe4 14. fxe4 O-O
15. Be3 Rc8 16. Bf2 e5 17. Bg4 Nc4 18. Qe2 exd4 19. Bxd4 Rc6 20. Rad1 Ncb6 21.
e5 Nc5 22. Bf3 Rc8 23. Kh1 Qe8 24. Nb5 Ne6 25. Bg1 Bc5 26. Nd6 Bxd6 27. exd6 Qd7
28. Qg2 Rb8 29. h4 Rfc8 30. b3 Rc3 31. Rd2 Qb5 32. Re1 Qb4 33. Re4 Qa5 34. Rd1
Rd8 35. Bg4 Nf8 36. Re7 Qb4 37. Rd4 Qa3 38. Qxb7 Rxg3 39. Bf2 Rxg4 40. Rxg4 Qxd6
41. Rxf7 Nbd7 42. Rff4 Ne6 43. Rd4 Nxd4 44. Rxd4 Qf6 45. Qd5+ Kh7 46. Rd2 Ne5
47. Qxd8 Qf3+ 48. Kh2 Qf4+ 49. Bg3 Ng4+ 50. Kh3 Qf1+ 51. Rg2 Ne3 52. Qa8 Qf5+
53. Kh2 Ng4+ 54. Kh3 Ne3+ 55. Kh2 Ng4+ 56. Kh3 Ne5+ 57. Kh2 Nf3+ 58. Qxf3 Qxf3
59. Be1 a6 60. Bd2 Qe4 61. Bg5 Qe5+ 62. Kh3 Qc3+ 63. Kh2 Qe5+ 64. Kh3 Qc3+ 65.
Kh2 Qe5+ 1/2-1/2

[Event "10th European Teams w"]
[Site "Warsaw POL"]
[Date "2013.11.16"]
[Round "8.3"]
[White "Zawadzka, Jolanta"]
[Black "Raeva, Elitsa"]
[Result "1/2-1/2"]
[WhiteTitle "WGM"]
[BlackTitle "WIM"]
[WhiteElo "2383"]
[BlackElo "2361"]
[WhiteTeam "Poland"]
[BlackTeam "Bulgaria"]
[WhiteFideId "1122320"]
[BlackFideId "2906660"]
[EventDate "2013.11.08"]

1. e4 e5 2. Nf3 Nc6 3. Bb5 a6 4. Ba4 Nf6 5. O-O Be7 6. Re1 b5 7. Bb3 O-O 8. d3
d6 9. a3 Bg4 10. c3 Na5 11. Ba2 c5 12. Nbd2 Qc7 13. Nf1 c4 14. Ne3 Be6 15. Ng5
Rad8 16. Qe2 d5 17. exd5 Bxd5 18. Nxd5 Nxd5 19. dxc4 bxc4 20. Nf3 Rfe8 21. Qxe5
Qd7 22. Qh5 g6 23. Qh6 Bf8 24. Qh4 Rxe1+ 25. Nxe1 Re8 26. Bd2 Nb4 27. Qd4 Nd5
28. Nf3 Qb5 29. Re1 Rxe1+ 30. Bxe1 Nb6 31. Qe5 Na4 32. Qxb5 axb5 33. Nd4 Nxb2
34. Nxb5 Bc5 35. Kf1 Nd3 36. f3 Nb3 37. a4 Nb2 38. Nc7 Nxa4 39. Nd5 f5 40. Bf2
Ba3 41. Bd4 Kf8 42. Be5 Bc5 43. h4 Nb2 44. Nf4 Ke7 45. Ne2 Nd2+ 46. Ke1 Nxf3+
47. gxf3 Nd3+ 48. Kf1 Nxe5 49. Kg2 Kd6 50. Kg3 Kd5 51. Nf4+ Kc6 52. Ne6 Kb5 53.
Nc7+ Kc6 54. Ne6 Kd6 55. Nf8 Be3 56. f4 Ng4 57. Nxh7 Kc5 58. Nf8 Bf2+ 59. Kf3
Be1 60. Nxg6 Bxc3 61. Ne7 Nh6 62. Bb1 Bf6 63. Nxf5 Nxf5 64. Bxf5 Bxh4 65. Ke3 1/2-1/2

[Event "10th European Teams w"]
[Site "Warsaw POL"]
[Date "2013.11.16"]
[Round "8.3"]
[White "Szczepkowska-Horowska, Karina"]
[Black "Voiska, Margarita"]
[Result "1-0"]
[WhiteTitle "WGM"]
[BlackTitle "WGM"]
[WhiteElo "2382"]
[BlackElo "2298"]
[WhiteTeam "Poland"]
[BlackTeam "Bulgaria"]
[WhiteFideId "1122681"]
[BlackFideId "2900602"]
[EventDate "2013.11.08"]

1. e4 e6 2. d4 d5 3. Nd2 c5 4. exd5 exd5 5. Bb5+ Bd7 6. Qe2+ Be7 7. dxc5 Nf6 8.
Ngf3 O-O 9. Nb3 Re8 10. Be3 a6 11. Bd3 Ba4 12. Nfd4 Nbd7 13. O-O Nxc5 14. Nxc5
Bxc5 15. c3 Bxd4 16. cxd4 Rc8 17. b3 Bd7 18. h3 Qb6 19. Rfc1 Qb4 20. Qb2 Qd6 21.
Rxc8 Rxc8 22. Rc1 Re8 23. Qc2 h6 24. Qc7 Qb4 25. Qg3 Bb5 26. Bf5 Kf8 27. Rc7 Bc6
28. Kh2 Qa5 29. Bf4 Nh5 30. Bd6+ Kg8 31. Qd3 Nf6 32. Bg6 fxg6 33. Qxg6 Qxc7 34.
Bxc7 Re7 35. Be5 Nd7 36. f4 Nf8 37. Qd6 Rd7 38. Qb8 Kf7 39. g4 Ne6 40. Qh8 Rd8
41. Qh7 Rg8 42. Qf5+ Ke7 43. Qg6 Be8 44. Qh7 Bf7 45. Qc2 g6 46. f5 gxf5 47. gxf5
Ng5 48. Qc7+ Ke8 49. Qc8+ 1-0

[Event "10th European Teams w"]
[Site "Warsaw POL"]
[Date "2013.11.16"]
[Round "8.4"]
[White "Daulyte, Deimante"]
[Black "Olsarova, Karolina"]
[Result "1-0"]
[WhiteTitle "WGM"]
[BlackTitle "WIM"]
[WhiteElo "2336"]
[BlackElo "2275"]
[WhiteTeam "Lithuania"]
[BlackTeam "Czech Republic"]
[WhiteFideId "12802859"]
[BlackFideId "320242"]
[EventDate "2013.11.08"]

1. e4 e5 2. Nf3 Nc6 3. Bb5 Nf6 4. d3 Bc5 5. c3 O-O 6. O-O d6 7. Nbd2 Bb6 8. Nc4
Ne7 9. Ba4 Ng6 10. h3 c6 11. Nxb6 axb6 12. Re1 Nh5 13. d4 Qc7 14. Bc2 Nhf4 15.
Be3 Be6 16. a4 h6 17. Kh2 Rad8 18. Ng1 Qc8 19. Qc1 c5 20. b4 Bd7 21. bxc5 bxc5
22. dxc5 dxc5 23. Qa3 Ne6 24. Nf3 Qc7 25. g3 Ra8 26. Qb3 Bc6 27. Nd2 Rfd8 28.
Nc4 Ng5 29. Bxg5 hxg5 30. Nb6 Rab8 31. Rad1 Ne7 32. Bb1 Rxd1 33. Rxd1 Rf8 34. a5
Nc8 35. Ba2 Nxb6 36. axb6 Qe7 37. Qc4 Qf6 38. Kg2 Qf5 39. f3 Qf6 40. Qxc5 Rd8
41. Rxd8+ Qxd8 42. Bd5 Bxd5 43. exd5 Qd7 44. g4 Kh7 45. Qe3 Qb5 46. Qxe5 Qb2+
47. Kf1 Qb1+ 48. Qe1 Qxb6 49. Qd2 Qd6 50. Qxg5 Qg3 51. Qf5+ Kg8 52. g5 b5 53.
Qc8+ Kh7 54. Qg4 Qd6 55. Qe4+ g6 56. Kg2 Qc5 57. Qd3 Qe7 58. h4 Qd7 59. d6 Kg8
60. Qd5 Kh7 61. Qe5 Qc6 62. Qe7 Qd5 63. d7 b4 64. d8=Q 1-0